MARC details
| 000 -CABECERA |
| campo de control de longitud fija |
01886nam a22002537a 4500 |
| 003 - IDENTIFICADOR DEL NÚMERO DE CONTROL |
| campo de control |
DO-SdBNP |
| 005 - FECHA Y HORA DE LA ÚLTIMA TRANSACCIÓN |
| campo de control |
20220725112634.0 |
| 007 - CAMPO FIJO DE DESCRIPCIÓN FÍSICA--INFORMACIÓN GENERAL |
| campo de control de longitud fija |
ta |
| 008 - DATOS DE LONGITUD FIJA--INFORMACIÓN GENERAL |
| campo de control de longitud fija |
220705b2001 |||||||| |||| 001 0 spa d |
| 040 ## - FUENTE DE LA CATALOGACIÓN |
| Centro catalogador/agencia de origen |
DO-SdBNP |
| Lengua de catalogación |
spa |
| Centro/agencia transcriptor |
BNPHU |
| 082 4# - NÚMERO DE LA CLASIFICACIÓN DECIMAL DEWEY |
| Número de edición |
22 |
| Número de clasificación |
352.28 |
| Número de documento/Ítem |
R426r |
| 110 10 - ENTRADA PRINCIPAL--NOMBRE DE ENTIDAD CORPORATIVA |
| Nombre de entidad corporativa o nombre de jurisdicción como elemento de entrada |
República Dominicana. |
| Unidad subordinada |
Oficina Nacional de Administración y Personal |
| 9 (RLIN) |
81949 |
| 245 10 - MENCIÓN DE TÍTULO |
| Título |
Reforma del Estado : |
| Resto del título |
guía de servicios públicos / |
| Mención de responsabilidad, etc. |
Oficina Nacional de Administración Pública ( ONAP) |
| 260 ## - PUBLICACIÓN, DISTRIBUCIÓN, ETC. |
| Lugar de publicación, distribución, etc. |
Santo Domingo : |
| Nombre del editor, distribuidor, etc. |
ONAP, |
| Fecha de publicación, distribución, etc. |
2001. |
| 300 ## - DESCRIPCIÓN FÍSICA |
| Extensión |
v. ; : |
| Otras características físicas |
il.; |
| Dimensiones |
21 cm |
| Material acompañante/anejo |
(43 hojas) |
| 490 ## - MENCIÓN DE SERIE |
| Mención de serie |
Servicios e instituciones |
| Designación de volumen o secuencia |
v.1 |
| -- |
v.2 |
| 500 ## - NOTA GENERAL |
| Nota general |
Cooperación del proyecto PAIRE de la Unión Europea y la Oficina del Ordenador Nacional para los Fondos Europeos de Desarrolo. |
| 505 ## - NOTA DE CONTENIDO CON FORMATO |
| Información miscelánea |
v.1 |
| Nota de contenido con formato |
Presidencia de la República -- Secretaríado Admisntrativo de la Presidencia -- Secretariado Técnico de la Presidencia -- Secretaría de Estado de Deportes, Educación Física y Recreación -- Secretaría de Estado de Educación -- Secretaría de Estado de Finanzas -- Secretaría de Estado de Las Fuerzas Armadas -- Secretaría de Estado de Industria y comercio -- Secretaría de Estado de Cultura -- Secretaría de Estado de Recursos Naturales y Medio Ambiente -- Secretaría de Estado de la Juventud -- Secretaría de Estado de Interior y Policía -- Secretaría de Trabajo -- Secretaría de Estado de Relaciones Exteriores-- Secretaría de Estado de Turismo. |
| 505 ## - NOTA DE CONTENIDO CON FORMATO |
| Información miscelánea |
v.2. |
| Nota de contenido con formato |
Secretaría de Estado de obras Públicas y Comunicaciones -- Secretaría de Estado de Agricultura -- Secretaría de Estado de Salud Pública y Asistencia Social -- Organismos especiales -- Organismos descentralizados -- |
| 590 ## - NOTA LOCAL (RLIN) |
| Nota local |
Inventariado, 2022 / SA |
| 650 40 - PUNTO DE ACCESO ADICIONAL DE MATERIA--TÉRMINO DE MATERIA |
| Término de materia o nombre geográfico como elemento de entrada |
Administración pública |
| Subdivisión general |
Directorios |
| 9 (RLIN) |
81936 |
| Subdivisión geográfica |
República Dominicana |
| 650 40 - PUNTO DE ACCESO ADICIONAL DE MATERIA--TÉRMINO DE MATERIA |
| Término de materia o nombre geográfico como elemento de entrada |
Servicios Públicos |
| 9 (RLIN) |
81952 |
| 942 ## - ELEMENTOS DE PUNTO DE ACCESO ADICIONAL (KOHA) |
| Fuente del sistema de clasificación o colocación |
Dewey Decimal Classification |
| Tipo de ítem Koha |
Libro |